LEADER 04923nas# 22005171i 450 001 UON00012951 005 20231205101941.530 011 $a0004-3249 100 $a20020107a1960 |0itac50 ba 101 $aeng 102 $aUS 105 $a||||X ||||| 110 $aaQ||||||||| 200 1 $aArt Journal$fCollege Art Association 207 $a[Vol. 20, no. 1 (Fall 1960)]- 210 $aNew York$cCollege Art Association$d [1960]- 215 $a v.$d28 cm 300 $aTrimestrale. - Online. 316 $aFATT. E PAG. CON CAA, LIBRARY MEMBERSHIP. - Comprende vol. 72, n. 1 (2013).$5IT-UONSI A Per2041/2012/13 (71/72) 316 $aFATT.E PAG. CON CAA NEWS + ART BULL$5IT-UONSI A Per2041/2011 (70) 316 $aFATT.E PAG. CON CAA NEWS + ART J.+ ART BULL$5IT-UONSI A Per2041/2001 (60) 316 $aFATT.E PAG. CON CAA NEWS + ART J.+ ART BULL$5IT-UONSI A Per2041/2002 (61) 316 $aFatt. 0177849912 8.3.98 Mand. 636 7.12.99$5IT-UONSI A Per2041/2000 (59) 316 $aFatt. con CAA News$5IT-UONSI A Per2041/2004 (63) 316 $afatt. con CAA NEWS$5IT-UONSI A Per2041/2005 (64) 316 $aFatturato con CAA NEWS$5IT-UONSI A Per2041/2007 (66) 316 $aFatt. con CAA News$5IT-UONSI A Per2041/2006 (65) 316 $aFATT. CON CAA$5IT-UONSI A Per2041/2008 (67) 316 $aFATT. E PAG. CON CAA$5IT-UONSI A Per2041/2009 (68) 316 $aV. 69 (2010); FATT. E PAG. CON CAA$5IT-UONSI A Per2041/2010 (69) 620 $aUS$dNew York$3UONL000050 686 $aUS$cSTATI UNITI - PERIODICI$2A 686 $aDISDETTI$cABBONAMENTI DISDETTI - PERIODICI$2A 686 $aTITOLI ELETTRONICI$cTITOLI ELETTRONICI - PERIODICI$2A 712 02$aCollege Art Association$cNew York$3UONV009811 712 $aCollege Art Association$3UONV247693$4650 791 02$aCAA$zCollege Art Association $3UONV213143 801 $aIT$bSOL$c20240220$gRICA 856 4 $uhttp://eds.b.ebscohost.com/eds/command/detail?sid=54c12f55-bf60-42eb-81fb-5654ac073c55%40sessionmgr113&vid=24&hid=113&bdata=Jmxhbmc9aXQmc2l0ZT1lZHMtbGl2ZQ%3d%3d#jid=ARJ&db=hus$zhttp://eds.b.ebscohost.com/eds/command/detail?sid=54c12f55-bf60-42eb-81fb-5654ac073c55%40sessionmgr113&vid=24&hid=113&bdata=Jmxhbmc9aXQmc2l0ZT1lZHMtbGl2ZQ%3d%3d#jid=ARJ&db=hus 856 4 $uhttp://www.jstor.org/journal/artj$zMoving wall: 3 anni 899 $aSIBA - SISTEMA BIBLIOTECARIO DI ATENEO$2UONSI$453(1994)-57(1998); 59(2000)-72(2013),n.1; lac.:62; poi solo online-$cPer 2041 ; 912 $aUON00012951 950 $aSIBA - SISTEMA BIBLIOTECARIO DI ATENEO$bSI 53(1994)-57(1998); 59(2000)-72(2013),n.1; lac.:62; poi solo online-$dSI A Per 2041 2012/13 (71/72) $eSI 2496 7 2012/13 (71/72) FATT. E PAG. CON CAA, LIBRARY MEMBERSHIP. - Comprende vol. 72, n. 1 (2013).$sBuono$dSI A Per 2041 2011 (70) $eSI 4612 7 2011 (70) FATT.E PAG. CON CAA NEWS + ART BULL$dSI A Per 2041 2001 (60) $eSI 4615 7 2001 (60) FATT.E PAG. CON CAA NEWS + ART J.+ ART BULL$dSI A Per 2041 2002 (61) $eSI 4616 7 2002 (61) FATT.E PAG. CON CAA NEWS + ART J.+ ART BULL$dSI A Per 2041 1994 (53) $eSI SA 77423 7 1994 (53) $dSI A Per 2041 1995 (54) $eSI SA 80101 7 1995 (54) $sBuono$dSI A Per 2041 1996 (55) $eSI SA 84093 7 1996 (55) $sBuono$dSI A Per 2041 1997 (56) $eSI SA 86561 7 1997 (56) $sBuono$dSI A Per 2041 1998 (57) $eSI SA 88639 7 1998 (57) $sBuono$dSI A Per 2041 2000 (59) $eSI SA 93482 7 2000 (59) Fatt. 0177849912 8.3.98 Mand. 636 7.12.99$sBuono$dSI A Per 2041 2004 (63) $eSI SA 111109 7 2004 (63) Fatt. con CAA News$eSI SA 113607 7 2005 (64) fatt. con CAA NEWS$eSI SA 121352 7 2007 (66) Fatturato con CAA NEWS$eSI SA 124560 7 2006 (65) Fatt. con CAA News$eSI SA 124714 7 2008 (67) FATT. CON CAA$sBuono$eSI SA 126086 7 2009 (68) FATT. E PAG. CON CAA$dSI A Per 2041 2010 (69) $eSI SA 127905 7 2010 (69) V. 69 (2010); FATT. E PAG. CON CAA 951 $aSIBA - SISTEMA BIBLIOTECARIO DI ATENEO$bSI2012SA264 0J 20120111V. 71 (2012); FATT. E PAG. CON CAA, LIBRARY MEMBERSHIP; 996 $aArt journal$9649887 997 $aUNIOR LEADER 03544nam 22005175 450 001 9910484515103321 005 20200713105658.0 010 $a3-658-13799-1 024 7 $a10.1007/978-3-658-13799-1 035 $a(CKB)3710000000734737 035 $a(DE-He213)978-3-658-13799-1 035 $a(MiAaPQ)EBC4561891 035 $a(EXLCZ)993710000000734737 100 $a20160620d2016 u| 0 101 0 $ager 135 $aurnn|008mamaa 181 $ctxt$2rdacontent 182 $cc$2rdamedia 183 $acr$2rdacarrier 200 14$aDie Führungskraft aus unterschiedlichen Blickwinkeln $eFührungsbeurteilung über quellenspezifische 360°-Skalen /$fvon Stefanie Puckett 205 $a1st ed. 2016. 210 1$aWiesbaden :$cSpringer Fachmedien Wiesbaden :$cImprint: Springer,$d2016. 215 $a1 online resource (XIII, 178 S. 11 Abb.) 225 0 $aResearch 311 $a3-658-13798-3 320 $aIncludes bibliographical references. 327 $aFührungsbeurteilung über 360°-Instrumente -- Erklärung von Urteilsunterschieden -- Beurteilergruppenunterschiede in der Genauigkeit der Messung einzelner Merkmale -- Unterschiede zwischen Einschätzergruppen in der faktoriellen Struktur der Fragebögen -- Derailment-Faktoren für das 360°-Feedback. 330 $aIm Rahmen der 360°-Beurteilung von Führungskräften schließt die vorliegende Studie von Stefanie Puckett eine Forschungslücke in der Analyse und im Einbeziehen von Unterschieden im Urteilsverhalten von Vorgesetzten, Kollegen und Mitarbeitern der Führungskraft. In einer breit angelegten empirischen Untersuchung wird auf Grundlage quellenspezifisch konstruierter Instrumente die Annahme spezifischer Beiträge der einzelnen Beurteilergruppen zur Beurteilung geprüft. Der Inhalt Führungsbeurteilung über 360°-Instrumente Erklärung von Urteilsunterschieden Beurteilergruppenunterschiede in der Genauigkeit der Messung einzelner Merkmale Unterschiede zwischen Einschätzergruppen in der faktoriellen Struktur der Fragebögen Derailment-Faktoren für das 360°-Feedback Die Zielgruppen Dozierende und Studierende der Arbeits-, Organisations- und Wirtschaftspsychologie; Diagnostik Praktiker in der Personalentwicklung sowie Unternehmensberatungen Die Autorin Dr. Stefanie Puckett ist nach langjähriger Arbeit im Unternehmensberatungs- und Personalbereich als Gründerin eines eigenen Unternehmens in der Beratung von Führungskräften und Personalabteilungen mit dem Schwerpunkt Führungsbeurteilung tätig. Die Dissertation hat sie als Externe am Psychologischen Institut der Johannes Gutenberg-Universität in Mainz verfasst. 606 $aExperiential research 606 $aEmployees?Coaching of 606 $aBusiness consultants 606 $aPsychology Research$3https://scigraph.springernature.com/ontologies/product-market-codes/Y20000 606 $aCoaching$3https://scigraph.springernature.com/ontologies/product-market-codes/517030 606 $aBusiness Consulting$3https://scigraph.springernature.com/ontologies/product-market-codes/527060 615 0$aExperiential research. 615 0$aEmployees?Coaching of. 615 0$aBusiness consultants. 615 14$aPsychology Research. 615 24$aCoaching. 615 24$aBusiness Consulting. 676 $a150.72 700 $aPuckett$b Stefanie$4aut$4http://id.loc.gov/vocabulary/relators/aut$01228469 906 $aBOOK 912 $a9910484515103321 996 $aDie Führungskraft aus unterschiedlichen Blickwinkeln$92851914 997 $aUNINA